Na ekonomické výsledky sa nemôžeme sťažovať

Bibliographic Details
Other Authors: Méry, János (Interviewer)
Format: Article
Language:Slovak
Hungarian
Subjects:

MARC

LEADER 00000nab a2200000 4500
001 vtls011763860
003 SK-MaSNL
005 20260305005834.0
008 180625|2018 xo |||| || ||00 0|slo
015 |a SNBRB2018/06 
040 |a DSZK  |b slo  |c DSZK  |e rda 
041 |a slo  |a hun 
043 |a e-xo--- 
044 |a xo  |c SK 
072 7 |a 352/354  |x Stupne miestnej, oblastnej a ústrednej správy  |2 konspekt 
080 |a 352  |x (437.6)  |2 2011 
100 1 |a Méry, János  |4 ivr  |9 1087313 
245 1 0 |a Na ekonomické výsledky sa nemôžeme sťažovať  |c János Méry, Imrich Tóth 
300 |b Fotografie 
336 |a text  |b txt  |2 rdacontent 
337 |a bez média  |b n  |2 rdamedia 
338 |a zväzok  |b nc  |2 rdacarrier 
546 |a Dvojjazyčné vydanie 
600 1 7 |a Tóth, Imrich  |2 dszk  |9 6743 
610 1 7 |a Šamorín (Slovensko).  |b Mestské zastupiteľstvo  |2 SNKKA  |9 176761 
650 0 7 |a poslanci mestského zastupiteľstva  |2 dszk  |9 885483 
651 7 |a Šamorín (Slovensko)  |2 SNKPHgeo  |9 28925 
700 1 |a Tóth, Imrich  |4 ive  |9 6743 
773 0 |t Šamorín a okolie = Somorja és vidéke  |g Roč. XXVIII, č. 6 (2018), s. 3  |x 1338-9068 
958 |a SK 
958 |a RG 
999 |c 3242921  |d 3244851